[Event "Chessable Masters - Torneo preliminare"]
[White "Santos Ruiz, Miguel"]
[Black "Talibov, Shiroghlan"]
[WhiteFideId "22291482"]
[BlackFideId "13429078"]
[WhiteElo "2491"]
[BlackElo "2247"]
[Result "1-0"]
[Round "3"]
[TimeControl "600+2"]
[Date "2023.03.13"]
[WhiteClock "0:02:35"]
[BlackClock "0:03:43"]

1. e4 {[%clk 0:08:43]}  e5 {[%clk 0:09:51]} 2. Nf3 {[%clk 0:08:43]}  Nc6 {[%clk 0:09:52]} 3. Bc4 {[%clk 0:08:45]}  Nf6 {[%clk 0:09:51]} 4. d3 {[%clk 0:08:46]}  h6 {[%clk 0:09:52]} 5. c3 {[%clk 0:08:46]}  d6 {[%clk 0:09:53]} 6. a4 {[%clk 0:08:45]}  a5 {[%clk 0:09:51]} 7. Nbd2 {[%clk 0:08:41]}  g6 {[%clk 0:09:51]} 8. Qb3 {[%clk 0:08:42]}  Qe7 {[%clk 0:09:50]} 9. O-O {[%clk 0:08:30]}  Bg7 {[%clk 0:09:50]} 10. Re1 {[%clk 0:08:24]}  O-O {[%clk 0:09:50]} 11. Nf1 {[%clk 0:08:25]}  b6 {[%clk 0:09:38]} 12. h3 {[%clk 0:08:22]}  Kh7 {[%clk 0:09:38]} 13. Ng3 {[%clk 0:08:16]}  Be6 {[%clk 0:09:29]} 14. Bxe6 {[%clk 0:08:14]}  fxe6 {[%clk 0:09:31]} 15. Bd2 {[%clk 0:08:05]}  Nd8 {[%clk 0:08:31]} 16. d4 {[%clk 0:08:02]}  Nd7 {[%clk 0:08:32]} 17. Qc4 {[%clk 0:07:47]}  Rc8 {[%clk 0:08:19]} 18. Qd3 {[%clk 0:07:41]}  Qf7 {[%clk 0:08:13]} 19. h4 {[%clk 0:07:34]}  exd4 {[%clk 0:08:00]} 20. cxd4 {[%clk 0:07:34]}  e5 {[%clk 0:08:01]} 21. d5 {[%clk 0:07:03]}  Nf6 {[%clk 0:07:56]} 22. Qa6 {[%clk 0:06:43]}  Rb8 {[%clk 0:07:47]} 23. b4 {[%clk 0:06:00]}  axb4 {[%clk 0:07:36]} 24. Bxb4 {[%clk 0:06:02]}  Nb7 {[%clk 0:07:35]} 25. Rab1 {[%clk 0:05:57]}  Nh5 {[%clk 0:07:22]} 26. Nxh5 {[%clk 0:05:51]}  gxh5 {[%clk 0:07:24]} 27. Rec1 {[%clk 0:05:45]}  Nc5 {[%clk 0:07:24]} 28. Bxc5 {[%clk 0:05:46]}  dxc5 {[%clk 0:07:26]} 29. Qe2 {[%clk 0:05:32]}  Qg6 {[%clk 0:07:22]} 30. Rb3 {[%clk 0:04:55]}  Rf4 {[%clk 0:07:17]} 31. Rc4 {[%clk 0:04:55]}  Rbf8 {[%clk 0:07:13]} 32. Kf1 {[%clk 0:04:51]}  Qg4 {[%clk 0:06:53]} 33. Qc2 {[%clk 0:04:22]}  Qg6 {[%clk 0:06:34]} 34. Qe2 {[%clk 0:03:51]}  Qg4 {[%clk 0:06:30]} 35. Re3 {[%clk 0:03:47]}  Kh8 {[%clk 0:05:50]} 36. Rcc3 {[%clk 0:03:44]}  Ra8 {[%clk 0:05:44]} 37. g3 {[%clk 0:03:35]}  Rf7 {[%clk 0:05:37]} 38. Rc4 {[%clk 0:03:20]}  Qh3+ {[%clk 0:05:14]} 39. Kg1 {[%clk 0:03:20]}  Raf8 {[%clk 0:05:13]} 40. Rcc3 {[%clk 0:03:09]}  Qd7 {[%clk 0:05:04]} 41. Qb5 {[%clk 0:03:01]}  Qxb5 {[%clk 0:04:48]} 42. axb5 {[%clk 0:03:02]}  Ra8 {[%clk 0:04:50]} 43. Ra3 {[%clk 0:03:01]}  Rff8 {[%clk 0:04:50]} 44. Nd2 {[%clk 0:02:59]}  Bf6 {[%clk 0:04:15]} 45. Nc4 {[%clk 0:02:59]}  Rfb8 {[%clk 0:04:14]} 46. Rxa8 {[%clk 0:02:59]}  Rxa8 {[%clk 0:04:16]} 47. Ra3 {[%clk 0:03:00]}  Rg8 {[%clk 0:04:10]} 48. Kh2 {[%clk 0:02:54]}  Rg7 {[%clk 0:03:58]} 49. Ra8+ {[%clk 0:02:47]}  Kh7 {[%clk 0:03:59]} 50. Re8 {[%clk 0:02:46]}  Rf7 {[%clk 0:03:57]} 51. Kg2 {[%clk 0:02:44]}  Kg7 {[%clk 0:03:47]} 52. Re6 {[%clk 0:02:37]}  Kf8 {[%clk 0:03:43]} 53. d6 {[%clk 0:02:35]} 1-0


[Site "Internet"]

[Event "Chessable Masters - Torneo preliminare"]
[White "Predke, Alexandr"]
[Black "Lobanov, Sergei"]
[WhiteFideId "24107581"]
[BlackFideId "24183750"]
[WhiteElo "2582"]
[BlackElo "2436"]
[Result "1/2-1/2"]
[Round "3"]
[TimeControl "600+2"]
[Date "2023.03.13"]
[WhiteClock "0:00:08"]
[BlackClock "0:00:18"]

1. e4 {[%clk 0:10:01]}  e5 {[%clk 0:09:59]} 2. Nf3 {[%clk 0:10:02]}  Nc6 {[%clk 0:10:01]} 3. Bc4 {[%clk 0:10:03]}  Nf6 {[%clk 0:10:01]} 4. d3 {[%clk 0:10:04]}  Be7 {[%clk 0:10:01]} 5. Nc3 {[%clk 0:09:58]}  d6 {[%clk 0:10:01]} 6. a4 {[%clk 0:09:57]}  O-O {[%clk 0:10:02]} 7. a5 {[%clk 0:09:56]}  a6 {[%clk 0:09:57]} 8. O-O {[%clk 0:09:48]}  Be6 {[%clk 0:09:55]} 9. Nd5 {[%clk 0:09:18]}  Bxd5 {[%clk 0:09:08]} 10. exd5 {[%clk 0:09:20]}  Nb8 {[%clk 0:08:55]} 11. d4 {[%clk 0:09:06]}  e4 {[%clk 0:08:04]} 12. Nd2 {[%clk 0:09:06]}  c6 {[%clk 0:07:57]} 13. dxc6 {[%clk 0:07:41]}  Nxc6 {[%clk 0:07:43]} 14. d5 {[%clk 0:07:42]}  Nxa5 {[%clk 0:07:12]} 15. Ba2 {[%clk 0:07:43]}  b5 {[%clk 0:06:37]} 16. Re1 {[%clk 0:07:41]}  Nb7 {[%clk 0:06:36]} 17. Nxe4 {[%clk 0:07:19]}  Nxe4 {[%clk 0:06:38]} 18. Rxe4 {[%clk 0:07:20]}  Nc5 {[%clk 0:06:39]} 19. Re1 {[%clk 0:07:02]}  Bf6 {[%clk 0:06:04]} 20. c3 {[%clk 0:07:02]}  Rb8 {[%clk 0:06:06]} 21. Be3 {[%clk 0:06:56]}  Qc7 {[%clk 0:06:06]} 22. Bb1 {[%clk 0:06:39]}  b4 {[%clk 0:05:45]} 23. Bd4 {[%clk 0:06:39]}  Qd8 {[%clk 0:04:32]} 24. Bxc5 {[%clk 0:04:41]}  dxc5 {[%clk 0:04:33]} 25. Rxa6 {[%clk 0:04:43]}  bxc3 {[%clk 0:04:04]} 26. bxc3 {[%clk 0:04:45]}  g6 {[%clk 0:03:13]} 27. Qf3 {[%clk 0:04:21]}  Rb6 {[%clk 0:01:42]} 28. Rxb6 {[%clk 0:03:43]}  Qxb6 {[%clk 0:01:44]} 29. g3 {[%clk 0:03:41]}  Kg7 {[%clk 0:01:31]} 30. c4 {[%clk 0:03:16]}  Bd4 {[%clk 0:01:30]} 31. Bd3 {[%clk 0:03:04]}  Qf6 {[%clk 0:01:23]} 32. Qxf6+ {[%clk 0:02:41]}  Kxf6 {[%clk 0:01:24]} 33. Kg2 {[%clk 0:02:25]}  Rb8 {[%clk 0:01:22]} 34. Re2 {[%clk 0:02:26]}  Rb3 {[%clk 0:01:19]} 35. Bc2 {[%clk 0:02:27]}  Rb6 {[%clk 0:00:52]} 36. f4 {[%clk 0:02:27]}  h5 {[%clk 0:00:52]} 37. Kf3 {[%clk 0:02:22]}  Ra6 {[%clk 0:00:51]} 38. h3 {[%clk 0:02:18]}  Ra3+ {[%clk 0:00:52]} 39. Kg2 {[%clk 0:02:20]}  Ra6 {[%clk 0:00:51]} 40. Bb3 {[%clk 0:02:03]}  Rb6 {[%clk 0:00:50]} 41. Ba4 {[%clk 0:02:03]}  Rb2 {[%clk 0:00:48]} 42. Bc2 {[%clk 0:02:02]}  Rb6 {[%clk 0:00:49]} 43. Kf3 {[%clk 0:01:30]}  Ra6 {[%clk 0:00:50]} 44. Re8 {[%clk 0:01:31]}  Kg7 {[%clk 0:00:31]} 45. g4 {[%clk 0:01:26]}  hxg4+ {[%clk 0:00:27]} 46. hxg4 {[%clk 0:01:28]}  Ra3+ {[%clk 0:00:17]} 47. Ke2 {[%clk 0:01:28]}  Ra6 {[%clk 0:00:18]} 48. g5 {[%clk 0:01:26]}  Bb2 {[%clk 0:00:19]} 49. Rd8 {[%clk 0:00:56]}  Bc1 {[%clk 0:00:17]} 50. Kf3 {[%clk 0:00:57]}  Ra3+ {[%clk 0:00:18]} 51. Kg4 {[%clk 0:00:57]}  Rc3 {[%clk 0:00:19]} 52. Be4 {[%clk 0:00:43]}  Rxc4 {[%clk 0:00:19]} 53. Re8 {[%clk 0:00:35]}  Rd4 {[%clk 0:00:17]} 54. Kf3 {[%clk 0:00:36]}  c4 {[%clk 0:00:15]} 55. Rc8 {[%clk 0:00:36]}  Bd2 {[%clk 0:00:11]} 56. Rc7 {[%clk 0:00:19]}  Kf8 {[%clk 0:00:11]} 57. Rc6 {[%clk 0:00:07]}  Ke7 {[%clk 0:00:11]} 58. Rc7+ {[%clk 0:00:08]}  Kf8 {[%clk 0:00:13]} 59. Rc8+ {[%clk 0:00:08]}  Ke7 {[%clk 0:00:14]} 60. Rc6 {[%clk 0:00:10]}  Kf8 {[%clk 0:00:15]} 61. d6 {[%clk 0:00:05]}  Bb4 {[%clk 0:00:16]} 62. Rc8+ {[%clk 0:00:06]}  Kg7 {[%clk 0:00:16]} 63. d7 {[%clk 0:00:06]}  Rxd7 {[%clk 0:00:17]} 64. Rxc4 {[%clk 0:00:07]}  Be7 {[%clk 0:00:18]} 65. Rc6 {[%clk 0:00:08]} 1/2-1/2


[Site "Internet"]

[Event "Chessable Masters - Torneo preliminare"]
[White "Harikrishna, Pentala"]
[Black "Lenderman, Aleksandr"]
[WhiteFideId "5007003"]
[BlackFideId "2021285"]
[WhiteElo "2627"]
[BlackElo "2646"]
[Result "1/2-1/2"]
[Round "3"]
[TimeControl "600+2"]
[Date "2023.03.13"]
[WhiteClock "0:00:07"]
[BlackClock "0:01:21"]

1. Nf3 {[%clk 0:10:01]}  d5 {[%clk 0:09:55]} 2. g3 {[%clk 0:10:02]}  c6 {[%clk 0:09:44]} 3. Bg2 {[%clk 0:10:02]}  Bg4 {[%clk 0:09:45]} 4. h3 {[%clk 0:10:00]}  Bh5 {[%clk 0:09:45]} 5. O-O {[%clk 0:09:58]}  Nd7 {[%clk 0:09:44]} 6. d4 {[%clk 0:09:56]}  e6 {[%clk 0:09:41]} 7. c4 {[%clk 0:09:54]}  Ngf6 {[%clk 0:09:35]} 8. cxd5 {[%clk 0:09:52]}  exd5 {[%clk 0:09:34]} 9. Qb3 {[%clk 0:09:53]}  Qb6 {[%clk 0:09:33]} 10. Qe3+ {[%clk 0:09:54]}  Be7 {[%clk 0:09:32]} 11. Nh4 {[%clk 0:09:55]}  Bg6 {[%clk 0:09:27]} 12. Nc3 {[%clk 0:09:51]}  Bc2 {[%clk 0:07:51]} 13. Qd2 {[%clk 0:09:20]}  Be4 {[%clk 0:07:50]} 14. Nxe4 {[%clk 0:09:21]}  Nxe4 {[%clk 0:07:46]} 15. Bxe4 {[%clk 0:09:21]}  Bxh4 {[%clk 0:07:16]} 16. Bf3 {[%clk 0:08:46]}  Be7 {[%clk 0:07:10]} 17. Qe3 {[%clk 0:07:26]}  Nf8 {[%clk 0:07:04]} 18. Rd1 {[%clk 0:07:24]}  h5 {[%clk 0:06:42]} 19. Qe5 {[%clk 0:06:32]}  Ne6 {[%clk 0:06:35]} 20. Bxh5 {[%clk 0:06:10]}  Kf8 {[%clk 0:05:41]} 21. Be3 {[%clk 0:04:04]}  Bf6 {[%clk 0:04:53]} 22. Qf5 {[%clk 0:04:01]}  Ke7 {[%clk 0:04:54]} 23. Bg4 {[%clk 0:03:51]}  Rae8 {[%clk 0:04:34]} 24. Qd3 {[%clk 0:03:39]}  Kf8 {[%clk 0:04:28]} 25. Rab1 {[%clk 0:03:26]}  Ng5 {[%clk 0:04:24]} 26. Bxg5 {[%clk 0:03:21]}  Bxg5 {[%clk 0:04:23]} 27. b4 {[%clk 0:03:18]}  a6 {[%clk 0:03:32]} 28. a4 {[%clk 0:03:16]}  Be7 {[%clk 0:03:34]} 29. Qb3 {[%clk 0:03:05]}  Rd8 {[%clk 0:03:22]} 30. e3 {[%clk 0:03:03]}  g6 {[%clk 0:03:23]} 31. Kg2 {[%clk 0:03:03]}  Kg7 {[%clk 0:03:22]} 32. h4 {[%clk 0:02:59]}  Rd6 {[%clk 0:03:19]} 33. Rh1 {[%clk 0:02:58]}  Bf6 {[%clk 0:02:50]} 34. h5 {[%clk 0:02:54]}  gxh5 {[%clk 0:02:49]} 35. Rxh5 {[%clk 0:02:52]}  Rxh5 {[%clk 0:02:50]} 36. Bxh5 {[%clk 0:02:54]}  Rd8 {[%clk 0:02:46]} 37. Bf3 {[%clk 0:02:54]}  Rh8 {[%clk 0:02:45]} 38. b5 {[%clk 0:02:55]}  axb5 {[%clk 0:02:46]} 39. axb5 {[%clk 0:02:56]}  Qc7 {[%clk 0:02:43]} 40. Bg4 {[%clk 0:02:44]}  c5 {[%clk 0:02:40]} 41. Qxd5 {[%clk 0:02:38]}  cxd4 {[%clk 0:02:40]} 42. exd4 {[%clk 0:02:27]}  Qc2 {[%clk 0:02:26]} 43. Bf5 {[%clk 0:02:14]}  Qd2 {[%clk 0:02:21]} 44. Qf3 {[%clk 0:01:51]}  Qxd4 {[%clk 0:01:54]} 45. Qxb7 {[%clk 0:01:27]}  Rh2+ {[%clk 0:01:53]} 46. Kxh2 {[%clk 0:01:26]}  Qxf2+ {[%clk 0:01:55]} 47. Qg2 {[%clk 0:01:03]}  Qxf5 {[%clk 0:01:57]} 48. Rb4 {[%clk 0:00:30]}  Qh5+ {[%clk 0:01:54]} 49. Qh3 {[%clk 0:00:28]}  Qe2+ {[%clk 0:01:53]} 50. Qg2 {[%clk 0:00:29]}  Qh5+ {[%clk 0:01:54]} 51. Rh4 {[%clk 0:00:24]}  Bxh4 {[%clk 0:01:55]} 52. gxh4+ {[%clk 0:00:26]}  Kf8 {[%clk 0:01:49]} 53. Qa8+ {[%clk 0:00:19]}  Kg7 {[%clk 0:01:49]} 54. Qg2+ {[%clk 0:00:20]}  Kf8 {[%clk 0:01:50]} 55. Qg5 {[%clk 0:00:18]}  Qe2+ {[%clk 0:01:51]} 56. Kg3 {[%clk 0:00:19]}  Qd3+ {[%clk 0:01:47]} 57. Kf2 {[%clk 0:00:20]}  Qc2+ {[%clk 0:01:39]} 58. Ke3 {[%clk 0:00:21]}  Qb3+ {[%clk 0:01:36]} 59. Ke4 {[%clk 0:00:20]}  Qc4+ {[%clk 0:01:36]} 60. Kf3 {[%clk 0:00:21]}  Qd3+ {[%clk 0:01:36]} 61. Kg4 {[%clk 0:00:20]}  Qe2+ {[%clk 0:01:35]} 62. Kg3 {[%clk 0:00:16]}  Qd3+ {[%clk 0:01:35]} 63. Kf2 {[%clk 0:00:14]}  Qc2+ {[%clk 0:01:34]} 64. Ke1 {[%clk 0:00:12]}  Qb1+ {[%clk 0:01:34]} 65. Kd2 {[%clk 0:00:11]}  Qb2+ {[%clk 0:01:35]} 66. Kd3 {[%clk 0:00:12]}  Qb3+ {[%clk 0:01:35]} 67. Ke2 {[%clk 0:00:10]}  Qb2+ {[%clk 0:01:31]} 68. Kf3 {[%clk 0:00:10]}  Qb3+ {[%clk 0:01:26]} 69. Kg4 {[%clk 0:00:09]}  Qd1+ {[%clk 0:01:27]} 70. Kf5 {[%clk 0:00:10]}  Qd5+ {[%clk 0:01:21]} 71. Kf4 {[%clk 0:00:09]}  Qc4+ {[%clk 0:01:21]} 72. Kg3 {[%clk 0:00:07]} 1/2-1/2


[Site "Internet"]

[Event "Chessable Masters - Torneo preliminare"]
[White "Bok, Benjamin"]
[Black "Pantsulaia, Levan"]
[WhiteFideId "1017063"]
[BlackFideId "13602071"]
[WhiteElo "2608"]
[BlackElo "2533"]
[Result "0-1"]
[Round "3"]
[TimeControl "600+2"]
[Date "2023.03.13"]
[WhiteClock "0:00:04"]
[BlackClock "0:00:54"]

1. d4 {[%clk 0:10:01]}  c5 {[%clk 0:09:59]} 2. d5 {[%clk 0:10:00]}  g6 {[%clk 0:10:01]} 3. e4 {[%clk 0:10:00]}  Bg7 {[%clk 0:10:02]} 4. Nc3 {[%clk 0:09:59]}  d6 {[%clk 0:10:03]} 5. Bb5+ {[%clk 0:10:00]}  Bd7 {[%clk 0:10:03]} 6. a4 {[%clk 0:10:00]}  Nf6 {[%clk 0:10:05]} 7. Nf3 {[%clk 0:10:00]}  O-O {[%clk 0:10:06]} 8. h3 {[%clk 0:10:01]}  Bxb5 {[%clk 0:10:07]} 9. axb5 {[%clk 0:10:01]}  Nbd7 {[%clk 0:10:08]} 10. O-O {[%clk 0:10:01]}  Ne8 {[%clk 0:10:08]} 11. Qe2 {[%clk 0:09:56]}  Nc7 {[%clk 0:10:10]} 12. Bf4 {[%clk 0:09:52]}  Nb6 {[%clk 0:10:11]} 13. Rad1 {[%clk 0:09:37]}  Qd7 {[%clk 0:10:03]} 14. e5 {[%clk 0:09:36]}  f6 {[%clk 0:10:04]} 15. exd6 {[%clk 0:05:20]}  exd6 {[%clk 0:10:06]} 16. Nd2 {[%clk 0:05:19]}  f5 {[%clk 0:09:33]} 17. Ndb1 {[%clk 0:03:58]}  Rfe8 {[%clk 0:08:58]} 18. Qd3 {[%clk 0:03:49]}  c4 {[%clk 0:08:53]} 19. Qg3 {[%clk 0:03:45]}  Nxb5 {[%clk 0:08:53]} 20. Nxb5 {[%clk 0:02:56]}  Qxb5 {[%clk 0:08:55]} 21. Na3 {[%clk 0:02:55]}  Qxb2 {[%clk 0:08:27]} 22. Bxd6 {[%clk 0:02:54]}  Rad8 {[%clk 0:08:07]} 23. Bc7 {[%clk 0:02:33]}  Rxd5 {[%clk 0:08:05]} 24. Bxb6 {[%clk 0:02:29]}  Rxd1 {[%clk 0:08:03]} 25. Rxd1 {[%clk 0:02:30]}  axb6 {[%clk 0:07:02]} 26. Qf3 {[%clk 0:02:28]}  c3 {[%clk 0:06:15]} 27. Qd5+ {[%clk 0:01:29]}  Kh8 {[%clk 0:06:15]} 28. Qf7 {[%clk 0:01:28]}  Ra8 {[%clk 0:04:57]} 29. Rd7 {[%clk 0:00:55]}  Qc1+ {[%clk 0:04:44]} 30. Kh2 {[%clk 0:00:56]}  Qf4+ {[%clk 0:04:45]} 31. Kg1 {[%clk 0:00:56]}  Qe5 {[%clk 0:04:46]} 32. g3 {[%clk 0:00:05]}  Qf6 {[%clk 0:03:31]} 33. Qd5 {[%clk 0:00:06]}  Rxa3 {[%clk 0:01:55]} 34. Rf7 {[%clk 0:00:06]}  Ra1+ {[%clk 0:01:45]} 35. Kh2 {[%clk 0:00:06]}  Rd1 {[%clk 0:01:43]} 36. Qxb7 {[%clk 0:00:03]}  Qd4 {[%clk 0:01:41]} 37. Qc8+ {[%clk 0:00:03]}  Qd8 {[%clk 0:01:42]} 38. Qb7 {[%clk 0:00:04]}  Qg8 {[%clk 0:01:29]} 39. Rc7 {[%clk 0:00:04]}  Rd8 {[%clk 0:01:25]} 40. Qxb6 {[%clk 0:00:05]}  Qd5 {[%clk 0:01:16]} 41. Qa7 {[%clk 0:00:04]}  Qd4 {[%clk 0:00:56]} 42. Rxg7 {[%clk 0:00:03]}  Qxg7 {[%clk 0:00:57]} 43. Qc5 {[%clk 0:00:04]}  Qd4 {[%clk 0:00:54]} 0-1


[Site "Internet"]

[Event "Chessable Masters - Torneo preliminare"]
[White "Hammer, Jon Ludvig"]
[Black "Raja, Rithvik R"]
[WhiteFideId "1503707"]
[BlackFideId "35007394"]
[WhiteElo "2647"]
[BlackElo "2387"]
[Result "1-0"]
[Round "3"]
[TimeControl "600+2"]
[Date "2023.03.13"]
[WhiteClock "0:04:45"]
[BlackClock "0:06:33"]

1. d4 {[%clk 0:09:57]}  Nf6 {[%clk 0:09:59]} 2. c4 {[%clk 0:09:52]}  e6 {[%clk 0:09:59]} 3. Nc3 {[%clk 0:09:45]}  Bb4 {[%clk 0:09:59]} 4. e3 {[%clk 0:09:42]}  O-O {[%clk 0:09:54]} 5. Bd3 {[%clk 0:09:37]}  c5 {[%clk 0:09:47]} 6. Ne2 {[%clk 0:09:34]}  d5 {[%clk 0:09:27]} 7. cxd5 {[%clk 0:09:34]}  cxd4 {[%clk 0:09:21]} 8. exd4 {[%clk 0:09:34]}  Nxd5 {[%clk 0:09:23]} 9. O-O {[%clk 0:09:32]}  Nc6 {[%clk 0:09:19]} 10. a3 {[%clk 0:09:32]}  Be7 {[%clk 0:09:10]} 11. Bc2 {[%clk 0:09:18]}  b6 {[%clk 0:08:55]} 12. Qd3 {[%clk 0:09:11]}  g6 {[%clk 0:08:48]} 13. Bh6 {[%clk 0:09:05]}  Re8 {[%clk 0:08:47]} 14. Nxd5 {[%clk 0:08:57]}  Qxd5 {[%clk 0:08:42]} 15. Bb3 {[%clk 0:08:44]}  Qd7 {[%clk 0:08:11]} 16. d5 {[%clk 0:08:03]}  exd5 {[%clk 0:08:00]} 17. Bxd5 {[%clk 0:06:10]}  Bf8 {[%clk 0:07:10]} 18. Bxf8 {[%clk 0:05:58]}  Rxf8 {[%clk 0:07:12]} 19. Nf4 {[%clk 0:05:28]}  Bb7 {[%clk 0:06:44]} 20. Nxg6 {[%clk 0:05:12]}  hxg6 {[%clk 0:06:31]} 21. Qxg6+ {[%clk 0:05:11]}  Kh8 {[%clk 0:06:32]} 22. Qh6+ {[%clk 0:04:53]}  Kg8 {[%clk 0:06:33]} 23. Rad1 {[%clk 0:04:45]} 1-0


[Site "Internet"]

[Event "Chessable Masters - Torneo preliminare"]
[White "Makhnev, Denis"]
[Black "Tan, Zhongyi"]
[WhiteFideId "13707647"]
[BlackFideId "8603642"]
[WhiteElo "2505"]
[BlackElo "2517"]
[Result "1-0"]
[Round "3"]
[TimeControl "600+2"]
[Date "2023.03.13"]
[WhiteClock "0:00:10"]
[BlackClock "0:00:04"]

1. d4 {[%clk 0:09:57]}  d5 {[%clk 0:09:59]} 2. c4 {[%clk 0:09:50]}  e6 {[%clk 0:10:00]} 3. Nf3 {[%clk 0:09:51]}  Nf6 {[%clk 0:10:00]} 4. Nc3 {[%clk 0:09:53]}  Be7 {[%clk 0:10:00]} 5. Bf4 {[%clk 0:09:53]}  O-O {[%clk 0:10:01]} 6. e3 {[%clk 0:09:55]}  c5 {[%clk 0:10:02]} 7. dxc5 {[%clk 0:09:52]}  Bxc5 {[%clk 0:10:04]} 8. Qc2 {[%clk 0:09:53]}  Nc6 {[%clk 0:10:01]} 9. Rd1 {[%clk 0:09:53]}  Qa5 {[%clk 0:09:59]} 10. a3 {[%clk 0:09:51]}  Be7 {[%clk 0:09:59]} 11. Nd2 {[%clk 0:07:25]}  e5 {[%clk 0:05:31]} 12. Bg5 {[%clk 0:07:23]}  d4 {[%clk 0:04:57]} 13. Nb3 {[%clk 0:07:22]}  Qd8 {[%clk 0:04:58]} 14. Bxf6 {[%clk 0:07:23]}  Bxf6 {[%clk 0:04:58]} 15. Nd5 {[%clk 0:07:12]}  dxe3 {[%clk 0:04:00]} 16. fxe3 {[%clk 0:06:34]}  e4 {[%clk 0:03:35]} 17. Be2 {[%clk 0:06:09]}  Bh4+ {[%clk 0:02:53]} 18. g3 {[%clk 0:05:57]}  Bg5 {[%clk 0:02:50]} 19. h4 {[%clk 0:05:14]}  Bh6 {[%clk 0:02:45]} 20. g4 {[%clk 0:04:36]}  g6 {[%clk 0:02:19]} 21. g5 {[%clk 0:03:27]}  Bg7 {[%clk 0:02:19]} 22. Nf6+ {[%clk 0:03:29]}  Bxf6 {[%clk 0:02:20]} 23. Rxd8 {[%clk 0:03:30]}  Bxd8 {[%clk 0:02:22]} 24. Nc5 {[%clk 0:00:17]}  Bf5 {[%clk 0:01:56]} 25. Nxb7 {[%clk 0:00:10]}  Bc7 {[%clk 0:01:57]} 26. O-O {[%clk 0:00:11]}  Ne5 {[%clk 0:01:54]} 27. Nc5 {[%clk 0:00:06]}  Rad8 {[%clk 0:01:49]} 28. Nxe4 {[%clk 0:00:05]}  Kh8 {[%clk 0:01:44]} 29. Rxf5 {[%clk 0:00:04]}  gxf5 {[%clk 0:01:44]} 30. Nf6 {[%clk 0:00:06]}  Ng6 {[%clk 0:01:38]} 31. Nh5 {[%clk 0:00:07]}  Be5 {[%clk 0:01:30]} 32. c5 {[%clk 0:00:04]}  Nxh4 {[%clk 0:01:22]} 33. c6 {[%clk 0:00:05]}  Rg8 {[%clk 0:01:17]} 34. Qc5 {[%clk 0:00:06]}  Rxg5+ {[%clk 0:01:17]} 35. Kf1 {[%clk 0:00:08]}  f6 {[%clk 0:01:01]} 36. Nxf6 {[%clk 0:00:06]}  Bxf6 {[%clk 0:00:54]} 37. c7 {[%clk 0:00:07]}  Rc8 {[%clk 0:00:32]} 38. Ba6 {[%clk 0:00:08]}  Rcg8 {[%clk 0:00:22]} 39. c8=Q {[%clk 0:00:09]}  Rg1+ {[%clk 0:00:22]} 40. Ke2 {[%clk 0:00:09]}  Rg2+ {[%clk 0:00:23]} 41. Kd3 {[%clk 0:00:08]}  Rxc8 {[%clk 0:00:23]} 42. Qxc8+ {[%clk 0:00:10]}  Kg7 {[%clk 0:00:25]} 43. b4 {[%clk 0:00:09]}  Ra2 {[%clk 0:00:21]} 44. Qc7+ {[%clk 0:00:04]}  Kg6 {[%clk 0:00:12]} 45. Qa5 {[%clk 0:00:04]}  Nf3 {[%clk 0:00:10]} 46. Qb5 {[%clk 0:00:02]}  Rd2+ {[%clk 0:00:05]} 47. Kc4 {[%clk 0:00:03]}  Rb2 {[%clk 0:00:03]} 48. Qe8+ {[%clk 0:00:04]}  Kg5 {[%clk 0:00:03]} 49. Qg8+ {[%clk 0:00:05]}  Kh6 {[%clk 0:00:05]} 50. Bb7 {[%clk 0:00:05]}  Ne5+ {[%clk 0:00:05]} 51. Kb5 {[%clk 0:00:06]}  Rd2 {[%clk 0:00:03]} 52. Qe6 {[%clk 0:00:07]}  Kg5 {[%clk 0:00:04]} 53. Bc8 {[%clk 0:00:08]}  Rf2 {[%clk 0:00:04]} 54. Qg8+ {[%clk 0:00:09]}  Kh6 {[%clk 0:00:05]} 55. Ka6 {[%clk 0:00:10]}  Bg5 {[%clk 0:00:04]} 56. Qf8+ {[%clk 0:00:10]}  Kh5 {[%clk 0:00:04]} 57. Bxf5 {[%clk 0:00:09]}  Ng6 {[%clk 0:00:04]} 58. Bxg6+ {[%clk 0:00:10]} 1-0


[Site "Internet"]

[Event "Chessable Masters - Torneo preliminare"]
[White "Sjugirov, Sanan"]
[Black "Vetoshko, Volodymyr"]
[WhiteFideId "4189302"]
[BlackFideId "14122480"]
[WhiteElo "2543"]
[BlackElo "2457"]
[Result "1/2-1/2"]
[Round "3"]
[TimeControl "600+2"]
[Date "2023.03.13"]
[WhiteClock "0:03:24"]
[BlackClock "0:00:13"]

1. e4 {[%clk 0:10:01]}  c5 {[%clk 0:09:51]} 2. Nf3 {[%clk 0:10:01]}  e6 {[%clk 0:09:52]} 3. Nc3 {[%clk 0:10:01]}  a6 {[%clk 0:09:53]} 4. d4 {[%clk 0:09:58]}  cxd4 {[%clk 0:09:55]} 5. Nxd4 {[%clk 0:10:00]}  b5 {[%clk 0:09:56]} 6. Bd3 {[%clk 0:09:55]}  Bb7 {[%clk 0:09:56]} 7. O-O {[%clk 0:09:50]}  Nc6 {[%clk 0:09:56]} 8. Nxc6 {[%clk 0:09:49]}  Bxc6 {[%clk 0:09:58]} 9. Re1 {[%clk 0:09:47]}  Qb8 {[%clk 0:09:59]} 10. a4 {[%clk 0:09:16]}  bxa4 {[%clk 0:09:10]} 11. Nxa4 {[%clk 0:09:07]}  Bd6 {[%clk 0:09:09]} 12. h3 {[%clk 0:09:05]}  Ne7 {[%clk 0:09:05]} 13. Be3 {[%clk 0:08:40]}  Bh2+ {[%clk 0:07:41]} 14. Kh1 {[%clk 0:08:40]}  Bf4 {[%clk 0:07:43]} 15. b3 {[%clk 0:06:04]}  Bxe3 {[%clk 0:07:34]} 16. Rxe3 {[%clk 0:06:05]}  O-O {[%clk 0:07:19]} 17. Qd2 {[%clk 0:05:48]}  f5 {[%clk 0:07:07]} 18. exf5 {[%clk 0:05:36]}  Nxf5 {[%clk 0:07:08]} 19. Bxf5 {[%clk 0:05:38]}  Rxf5 {[%clk 0:07:06]} 20. Nc3 {[%clk 0:05:39]}  Qf4 {[%clk 0:06:45]} 21. f3 {[%clk 0:05:33]}  Bxf3 {[%clk 0:05:08]} 22. gxf3 {[%clk 0:04:41]}  Rh5 {[%clk 0:05:07]} 23. Kg2 {[%clk 0:04:43]}  Qg5+ {[%clk 0:04:17]} 24. Kh2 {[%clk 0:03:36]}  Qf4+ {[%clk 0:04:08]} 25. Kg2 {[%clk 0:03:35]}  Qg5+ {[%clk 0:04:09]} 26. Kh2 {[%clk 0:03:36]}  Qh6 {[%clk 0:02:30]} 27. f4 {[%clk 0:03:18]}  Qxf4+ {[%clk 0:02:29]} 28. Kg2 {[%clk 0:03:18]}  Rg5+ {[%clk 0:01:24]} 29. Kh1 {[%clk 0:03:18]}  Rg3 {[%clk 0:01:25]} 30. Nd5 {[%clk 0:03:19]}  Rxh3+ {[%clk 0:01:11]} 31. Kg1 {[%clk 0:03:21]}  Rg3+ {[%clk 0:00:45]} 32. Kh1 {[%clk 0:03:22]}  Rh3+ {[%clk 0:00:20]} 33. Kg1 {[%clk 0:03:23]}  Rg3+ {[%clk 0:00:21]} 34. Kh1 {[%clk 0:03:24]}  Rh3+ {[%clk 0:00:13]} 1/2-1/2


[Site "Internet"]